1023 1172 1591 1531 1131 1718 1769 1975 1327 1284 1558 1620 1717 1775 1330 1630 1038 1348 1996 1331 1601 1307 1490 1532 1526 1913 1236 1464 1217 1852 1793 1902 1284 1461 1128 1408 1842 1099 1998 1148 1448 1608 1594 1638 1311 1359 1972 1935 1511 1536 1189 1369 1660 1362 1099 1180 1572 1231 1860 1978 1360 1274 1598 1588 1605 1748 1068 1825 1585 1384 1698 1231 1352 1436 1333 1383 1751 1024 1867 1457 1736 1266 1322 1531 1278 1592 1480 1245 1286 1045 1094 1313 1086 1193 1950 1424 1856 1489 1781 BCNSPRNW ULIB Ver.6.0+V

เปลี่ยนเป็นภาษาไทย

Change to English
 แสดงรายละเอียดบรรณานุกรม
  กลับหน้าหลัก

Brief Record : Get Marc (ISO 2709) : E-mail record : QR code < ปิดหน้าต่าง
LEADER : 00000nam 2200000uu 4500
001    13399113477
003     ULIB
008    110627s2550||||th 000 0 tha d
020    9789747503470
090    นว.^bฌ111ค 2550
100 0  ฌามิวอาห์
245 00 คือคนนี้ที่หัวใจบอกรัก/^cฌามิวอาห์
250    พิมพ์ครั้งที่ 2
260    กรุงเทพฯ :^bแจ่มใส,^c2550
300    386 หน้า
710 1  แจ่มใส
945    ^p229^l0^i027185
995    ทศพร
999 ^a ใช้งานได้ทุกระบบ
รายการนี้ยังไม่มีแท็ก
คุณยังไม่ได้ล็อกอิน คุณสามารถมีกิจกรรมร่วมกับเว็บไซต์ได้ แต่ต้องล็อกอินก่อน ::
  ล็อกอิน

รายการสื่อสารสนเทศ

ลำดับที่ ประเภท เลขเรียก/บาร์โค้ด สถานที่ สถานะ
1. นวนิยาย
นวนิยาย
นว. ฌ111ค 2550 ฉ.1 
  Barcode: 027185
ห้องสมุดวิทยาเขตสวรรค์ประชารักษ์
►นวนิยาย
บนชั้น
  ขอยืม

รายการใกล้เคียง
    ผู้แต่ง [ฌามิวอาห์]

BibComment


ยังไม่เคยถูกคอมเมนท์

คอมเมนท์ทรัพยากรรายการนี้
  คอมเมนท์: คือคนนี้ที่หัวใจบ..


 Copyright 2026. Bcnsprnw @Library